[Event "TCh-TUR Super League 2023"]
[Site "Ankara TUR"]
[Date "2023.07.18"]
[Round "9.2"]
[Board "3"]
[White "Yilmazyerli, Mert"]
[Black "Haznedaroglu, Kivanc"]
[Result "1-0"]
[WhiteTitle "GM"]
[BlackTitle "GM"]
[WhiteElo "2542"]
[BlackElo "2408"]
[WhiteTeam "TURK HAVA YOLLARI"]
[BlackTeam "BURSA BUYUKSEHIR BELEDIYE SPOR KULUBU"]
[WhiteFideId "6305962"]
[BlackFideId "6300634"]
[EventDate "2023.07.10"]

1. d4 Nf6 2. c4 c5 3. d5 b5 4. cxb5 a6 5. bxa6 d6 6. Nc3 Bxa6 7. e4 Bxf1 8. Kxf1
g6 9. Nf3 Bg7 10. g3 O-O 11. Kg2 Nbd7 12. a4 Ra6 13. Qc2 Qa8 14. Re1 Qb7 15. Ra3
Rb8 16. Nd2 Qa8 17. Nb5 Rb7 18. Nc4 Ne8 19. Bd2 Nb6 20. Nxb6 Raxb6 21. Bc3 Bxc3
22. Qxc3 Nc7 23. Nxc7 Rxc7 24. b3 Rb4 25. Kg1 f6 26. h4 Qc8 27. Qd3 Rd4 28. Qf3
h5 29. Rd1 Rb4 30. Rc1 Qg4 31. Qxg4 hxg4 32. Rc4 Rb8 33. a5 Rcb7 34. a6 Rxb3 35.
Rxb3 Rxb3 36. Ra4 Rb8 37. Kf1 Kf7 38. Ke2 e6 39. a7 Ra8 40. Kd3 f5 41. exf5 exd5
42. fxg6+ Kg7 43. h5 d4 44. Ke4 Kh6 45. Ra6 Kg7 46. Kf5 c4 47. Kg5 c3 48. h6+
Kf8 49. Rc6 1-0

[Event "TCh-TUR Super League 2023"]
[Site "Ankara TUR"]
[Date "2023.07.18"]
[Round "9.2"]
[Board "4"]
[White "Eren, Ataberk"]
[Black "Gurel, Ediz"]
[Result "0-1"]
[WhiteTitle "FM"]
[BlackTitle "IM"]
[WhiteElo "2324"]
[BlackElo "2500"]
[WhiteTeam "BURSA BUYUKSEHIR BELEDIYE SPOR KULUBU"]
[BlackTeam "TURK HAVA YOLLARI"]
[WhiteFideId "6349765"]
[BlackFideId "44507356"]
[EventDate "2023.07.10"]

1. d4 Nf6 2. Bf4 e6 3. e3 d5 4. Nd2 Bd6 5. Ngf3 O-O 6. Bd3 c5 7. c3 Bxf4 8. exf4
Qb6 9. Rb1 cxd4 10. Nxd4 Nc6 11. N2f3 Qc7 12. Qd2 Na5 13. O-O Nc4 14. Qc1 b6 15.
Re1 Bb7 16. Ne5 Rfe8 17. Qc2 h6 18. Rbd1 a6 19. Qe2 b5 20. Bb1 Rac8 21. Rd3 Ne4
22. Rh3 Nxe5 23. fxe5 b4 24. cxb4 Qxe5 25. Nb3 Qf6 26. Bxe4 dxe4 27. Nc5 Bd5 28.
Rc3 Qe7 29. Ra3 f5 30. Rxa6 f4 31. Qg4 Qf6 32. a3 e3 33. fxe3 fxe3 34. Rxe3 Rf8
35. Rf3 Bxf3 36. gxf3 Qxb2 37. Rd6 Rf6 38. Rxe6 Rd8 39. Re1 Kh7 40. Kh1 Rg6 41.
Qh3 Rd5 42. Qf1 Rd2 43. Qh3 Qc2 44. Ne4 Rd1 45. Rf1 Qd3 0-1

[Event "TCh-TUR Super League 2023"]
[Site "Ankara TUR"]
[Date "2023.07.18"]
[Round "9.2"]
[Board "5"]
[White "Vaishali, Rameshbabu"]
[Black "Aydin, Gulenay"]
[Result "1-0"]
[WhiteTitle "IM"]
[BlackTitle "WFM"]
[WhiteElo "2431"]
[BlackElo "2145"]
[WhiteTeam "TURK HAVA YOLLARI"]
[BlackTeam "BURSA BUYUKSEHIR BELEDIYE SPOR KULUBU"]
[WhiteFideId "5091756"]
[BlackFideId "34557431"]
[EventDate "2023.07.10"]

1. e4 d6 2. d4 Nf6 3. Nc3 e5 4. Nf3 Nbd7 5. Bc4 Be7 6. O-O O-O 7. Re1 c6 8. a4
h6 9. a5 Re8 10. h3 Qc7 11. dxe5 dxe5 12. Nh4 Nf8 13. Qf3 Rb8 14. Nf5 Bxf5 15.
exf5 N8d7 16. Qg3 Kf8 17. Ne4 Nxe4 18. Rxe4 Nf6 19. Rh4 Ng8 20. Rg4 Bf6 21. Be3
b6 22. axb6 axb6 23. h4 Ne7 24. Bd3 Nd5 25. Rga4 Nxe3 26. fxe3 b5 27. Ra6 Rb6
28. Be4 Reb8 29. Qe1 Qc8 30. Ra7 R6b7 31. g3 Rxa7 32. Rxa7 Ra8 33. Rxa8 Qxa8 34.
Qc3 Qc8 35. Qc5+ Kg8 36. Kf2 Qd8 37. Ke2 Qb8 38. b4 Qd8 39. Qxc6 Be7 40. Qxb5
Qd6 41. c3 Qc7 42. Kd3 Bf8 43. Qb7 Qd6+ 44. Bd5 e4+ 45. Kxe4 Qf6 46. Qc6 Qe7+
47. Kd3 Qe5 48. Qd7 Qf6 49. e4 g6 50. g4 Bg7 51. e5 Qa6+ 52. b5 1-0

[Event "TCh-TUR Super League 2023"]
[Site "Ankara TUR"]
[Date "2023.07.18"]
[Round "9.2"]
[Board "6"]
[White "Erdogmus, Yagiz Kaan"]
[Black "Can, Isik"]
[Result "1-0"]
[WhiteTitle "IM"]
[BlackTitle "IM"]
[WhiteElo "2483"]
[BlackElo "2512"]
[WhiteTeam "BURSA BUYUKSEHIR BELEDIYE SPOR KULUBU"]
[BlackTeam "TURK HAVA YOLLARI"]
[WhiteFideId "44599790"]
[BlackFideId "6383742"]
[EventDate "2023.07.10"]

1. e4 e6 2. d4 d5 3. e5 c5 4. c3 Nc6 5. Nf3 Bd7 6. Be2 Nge7 7. O-O Ng6 8. Be3
Be7 9. g3 O-O 10. h4 cxd4 11. cxd4 f6 12. h5 Nh8 13. Nbd2 Nf7 14. exf6 Bxf6 15.
Nb3 b6 16. Rc1 a5 17. Bb5 Nb4 18. Bxd7 Qxd7 19. a3 Nc6 20. Qd3 Nd6 21. Nbd2 b5
22. h6 g6 23. Nb3 Nc4 24. Nc5 Qe7 25. Rfe1 g5 26. b3 g4 27. Bf4 e5 28. dxe5 Qxc5
29. exf6 gxf3 30. bxc4 bxc4 31. Qf5 Rf7 32. Qg4+ Kh8 33. Qe6 Nd8 34. Qe8+ Rf8
35. Qe7 1-0

[Event "TCh-TUR Super League 2023"]
[Site "Ankara TUR"]
[Date "2023.07.18"]
[Round "9.3"]
[Board "2"]
[White "Kadric, Denis"]
[Black "Mammadov, Zaur"]
[Result "1/2-1/2"]
[WhiteTitle "GM"]
[BlackTitle "GM"]
[WhiteElo "2601"]
[BlackElo "2398"]
[WhiteTeam "DARUSSAFAKA"]
[BlackTeam "ROTA KOLEJI"]
[WhiteFideId "14403803"]
[BlackFideId "13401033"]
[EventDate "2023.07.10"]

1. e4 e6 2. d4 d5 3. Nd2 c5 4. Ngf3 Nc6 5. exd5 exd5 6. Bb5 Bd6 7. dxc5 Bxc5 8.
O-O Ne7 9. Nb3 Bb6 10. Re1 O-O 11. Be3 Bg4 12. h3 Bh5 13. Bxb6 axb6 14. c3 Qd6
15. Be2 Rfe8 16. Nfd4 Bg6 17. Nb5 Qd7 18. Qd2 Nf5 19. a3 Re7 20. Bf1 Ne5 21. f4
Nc4 22. Bxc4 dxc4 23. Rxe7 Qxe7 24. Re1 Qd8 25. N3d4 h6 26. Qf2 Nxd4 27. Nxd4
Bd3 28. Re5 Ra5 29. Qe3 Rxe5 30. Qxe5 Kh7 31. g4 Qd7 32. Kf2 f6 33. Qe6 Qc7 34.
Ke3 Bg6 35. h4 Bf7 36. Qe4+ Kh8 37. Nf5 Qd7 38. Qd4 Qe8+ 39. Kd2 Qc6 40. Ne3 Qf3
41. h5 Qf2+ 42. Kc1 Qg1+ 43. Kc2 b5 44. Qe4 Qe1 45. f5 Kh7 46. Qe7 Kg8 47. Qd8+
Kh7 48. Qd2 Qh1 49. Qg2 Qe1 50. Qd2 Qh1 1/2-1/2

[Event "TCh-TUR Super League 2023"]
[Site "Ankara TUR"]
[Date "2023.07.18"]
[Round "9.3"]
[Board "3"]
[White "Tarhan, Adar"]
[Black "Aghamaliyev, Cemil"]
[Result "1/2-1/2"]
[WhiteTitle "FM"]
[BlackTitle "GM"]
[WhiteElo "2347"]
[BlackElo "2482"]
[WhiteTeam "ROTA KOLEJI"]
[BlackTeam "DARUSSAFAKA"]
[WhiteFideId "34544712"]
[BlackFideId "13400215"]
[EventDate "2023.07.10"]

1. e4 e6 2. d4 d5 3. Nd2 Nc6 4. Ngf3 Nf6 5. e5 Nd7 6. c3 f6 7. exf6 Qxf6 8. Be2
Bd6 9. Nf1 O-O 10. Ng3 e5 11. dxe5 Ndxe5 12. Qxd5+ Be6 13. Qe4 Bg4 14. Be3 Nxf3+
15. Bxf3 Bxf3 16. Qxf3 Qxf3 17. gxf3 Rxf3 18. Ne4 Be5 19. O-O-O Re8 20. Kb1 h6
21. h4 Rf7 22. Rde1 Rd8 23. Rhg1 Bf4 24. Nc5 Bxe3 25. Rxe3 b6 26. Nd3 Rd6 27.
Rge1 Kh7 28. Kc2 Rfd7 29. R1e2 Rf6 30. Re1 Rd5 31. Re6 Rd6 32. R6e3 Rf7 33. R1e2
Rfd7 1/2-1/2

[Event "TCh-TUR Super League 2023"]
[Site "Ankara TUR"]
[Date "2023.07.18"]
[Round "9.3"]
[Board "4"]
[White "Erturan, Yakup"]
[Black "Karaoglan, Doruk"]
[Result "0-1"]
[WhiteTitle "IM"]
[BlackTitle "CM"]
[WhiteElo "2363"]
[BlackElo "2247"]
[WhiteTeam "DARUSSAFAKA"]
[BlackTeam "ROTA KOLEJI"]
[WhiteFideId "6301410"]
[BlackFideId "6390927"]
[EventDate "2023.07.10"]

1. e4 c5 2. Nf3 d6 3. c3 Nf6 4. h3 g6 5. Bd3 Bg7 6. Bc2 O-O 7. O-O Nc6 8. d4
cxd4 9. cxd4 e5 10. dxe5 dxe5 11. Nc3 Be6 12. Bg5 h6 13. Bxf6 Qxf6 14. Bb3 Rfd8
15. Qe2 Nd4 16. Nxd4 exd4 17. Nd5 Qh4 18. f4 Kh8 19. Qf3 Rac8 20. Rac1 Rxc1 21.
Rxc1 d3 22. Qxd3 Bxd5 23. Bxd5 Qxf4 24. Qf1 Qe3+ 25. Kh1 Be5 26. g4 Qd2 27. Qg1
Rd6 28. Rf1 Rf6 29. Rxf6 Bxf6 30. Bc4 Be5 31. Qg2 Qc1+ 32. Bf1 Bxb2 33. Qf3 Kg7
34. Kg2 Bd4 35. Qd3 Be5 36. Qf3 Qd2+ 37. Qf2 Qc3 38. Kh1 b5 39. Qxa7 Bd4 40. Qb8
Qf3+ 41. Bg2 Qd1+ 42. Kh2 Bg1+ 43. Kg3 Qe1+ 0-1

[Event "TCh-TUR Super League 2023"]
[Site "Ankara TUR"]
[Date "2023.07.18"]
[Round "9.3"]
[Board "5"]
[White "Mammadova, Narmin"]
[Black "Fataliyeva, Ulviyya"]
[Result "1/2-1/2"]
[WhiteTitle "WIM"]
[BlackTitle "IM"]
[WhiteElo "2241"]
[BlackElo "2401"]
[WhiteTeam "ROTA KOLEJI"]
[BlackTeam "DARUSSAFAKA"]
[WhiteFideId "13403710"]
[BlackFideId "13403052"]
[EventDate "2023.07.10"]

1. Nf3 d5 2. g3 Nf6 3. Bg2 e6 4. O-O Be7 5. c4 O-O 6. d3 c5 7. Nc3 d4 8. Nb1 Nc6
9. Nbd2 Re8 10. a3 e5 11. Qc2 Bf5 12. Ne1 Qd7 13. Ne4 Nxe4 14. dxe4 Be6 15. Bd2
a5 16. Nd3 a4 17. f4 f6 18. fxe5 fxe5 19. Rf2 Reb8 20. Raf1 b5 21. cxb5 Rxb5 22.
Bh3 Bxh3 23. Qc4+ Qe6 24. Qxb5 Bxf1 25. Rxf1 c4 26. Nb4 Nxb4 27. Bxb4 Bg5 28.
Rf5 Bf6 29. Kg2 h6 30. Bd2 Kh7 31. h4 Ra6 32. Bb4 Qc8 33. Rf3 Qc6 34. Qxc6 Rxc6
35. Kf1 h5 36. Ke1 Kg8 37. Kd1 Kf7 38. Kc2 Ke6 39. Rf5 g6 40. Rf3 Rb6 41. Rf1
Rb8 42. Rf3 Rg8 43. Bd2 g5 44. hxg5 Bxg5 45. Rf5 Bf6 46. Rxh5 Rxg3 47. Rh7 Rg2
48. Kd1 Rg7 49. Rh6 Rg1+ 50. Kc2 Rg4 51. Kd1 Kf7 52. Rh7+ Kg6 53. Rc7 d3 54.
exd3 cxd3 55. Be3 Rxe4 56. Kd2 Rh4 57. Kxd3 e4+ 58. Kc4 Bxb2 59. Kd5 Bf6 60. Ra7
Kf5 61. Rxa4 Rh8 62. Ra6 Be5 63. Kc4 Rc8+ 64. Kb5 Rc3 65. Ba7 Bf4 66. Bd4 Rc8
67. Rc6 Rd8 68. Kc4 Be5 69. Bxe5 Kxe5 70. Rc7 e3 71. Re7+ Kf4 72. a4 Kf3 73. a5
e2 74. a6 Rd1 75. Kb5 e1=Q 76. Rxe1 Rxe1 77. a7 Ra1 78. Kb6 Ke4 79. Kb7 Kd5 80.
a8=Q Rxa8 81. Kxa8 1/2-1/2

[Event "TCh-TUR Super League 2023"]
[Site "Ankara TUR"]
[Date "2023.07.18"]
[Round "9.3"]
[Board "6"]
[White "Isik, Alparslan"]
[Black "Yavuz, Efe Metehan"]
[Result "1-0"]
[WhiteTitle "IM"]
[BlackTitle "FM"]
[WhiteElo "2478"]
[BlackElo "2346"]
[WhiteTeam "DARUSSAFAKA"]
[BlackTeam "ROTA KOLEJI"]
[WhiteFideId "34506896"]
[BlackFideId "34514570"]
[EventDate "2023.07.10"]

1. d4 Nf6 2. c4 e6 3. Nf3 d5 4. Nc3 dxc4 5. e4 Bb4 6. Bxc4 Nxe4 7. O-O Nf6 8.
Qa4+ Nc6 9. Ne5 Bd6 10. Nxc6 bxc6 11. Qxc6+ Bd7 12. Qf3 h6 13. Be3 O-O 14. Rad1
Qe7 15. Rfe1 Rab8 16. Bc1 Rfe8 17. h3 Bc8 18. Ne4 Nxe4 19. Rxe4 Bb7 20. d5 f5
21. Re3 Qf6 22. Rb3 e5 23. Qe3 Ba8 24. Rxb8 Rxb8 25. Qxa7 Rf8 26. Rd3 Qh4 27.
Qa4 e4 28. Bb5 Qe7 29. Rd1 f4 30. Bd7 Bxd5 31. Rxd5 e3 32. Qc4 Kh8 33. fxe3 fxe3
34. Bg4 Rf2 35. Be2 Qf7 36. Rxd6 Rxg2+ 37. Kxg2 Qf2+ 38. Kh1 cxd6 39. Qc8+ Kh7
40. Bd3+ 1-0

[Event "TCh-TUR Super League 2023"]
[Site "Ankara TUR"]
[Date "2023.07.18"]
[Round "9.4"]
[Board "1"]
[White "Ivic, Velimir"]
[Black "Yakubboev, Nodirbek"]
[Result "1/2-1/2"]
[WhiteTitle "GM"]
[BlackTitle "GM"]
[WhiteElo "2590"]
[BlackElo "2640"]
[WhiteTeam "BURHANIYE"]
[BlackTeam "KARAMAN FUTBOL KULUBU"]
[WhiteFideId "950122"]
[BlackFideId "14203987"]
[EventDate "2023.07.10"]

1. e4 e5 2. Nf3 Nc6 3. Bb5 a6 4. Ba4 Nf6 5. O-O Bc5 6. c3 b5 7. Bb3 d6 8. d4 Bb6
9. Be3 O-O 10. Nbd2 h6 11. h3 Re8 12. Bc2 Rb8 13. Re1 Bb7 14. a3 exd4 15. cxd4
Ne7 16. b4 Ng6 17. d5 c6 18. dxc6 Bxc6 19. Rc1 Bb7 20. Bb1 Bxe3 21. Rxe3 Qb6 22.
Qb3 Re7 23. Qb2 Rbe8 24. Rce1 Bc8 25. Nf1 h5 26. N1d2 Nd7 27. Ba2 Nde5 28. Ng5
Kh8 29. Qc2 f6 30. Qd1 Nf4 31. Ngf3 g5 32. Nh2 g4 33. hxg4 hxg4 34. Ndf1 Rh7 35.
Qd2 Ne6 36. Rd1 Rd8 37. Rc3 Qb7 38. Ng3 Ng5 39. Qf4 Qe7 40. Rdc1 Bd7 41. Nf5 Ng6
42. Qxg5 fxg5 43. Nxe7 Rxe7 44. f3 Nf4 45. R3c2 Kg7 46. Rd1 gxf3 47. gxf3 Be8
48. Kf2 Bh5 49. Rd4 Kf6 50. Rc6 Ke5 51. Rd2 Ra7 52. Ke3 Rdd7 53. Rdc2 a5 54. Rb6
axb4 55. Rxb5+ Kf6 56. axb4 Ra3+ 57. Kf2 Nd3+ 58. Kg3 Ne5 59. Ra5 Rxa5 60. bxa5
Ra7 61. Rd2 Ke7 62. Rd5 Bf7 63. Rd2 Bh5 64. Rd5 Bf7 65. Rd2 Bh5 66. Rd5 1/2-1/2

[Event "TCh-TUR Super League 2023"]
[Site "Ankara TUR"]
[Date "2023.07.18"]
[Round "9.4"]
[Board "2"]
[White "Daneshvar, Bardiya"]
[Black "Skoberne, Jure"]
[Result "1-0"]
[WhiteTitle "GM"]
[BlackTitle "GM"]
[WhiteElo "2577"]
[BlackElo "2536"]
[WhiteTeam "KARAMAN FUTBOL KULUBU"]
[BlackTeam "BURHANIYE"]
[WhiteFideId "12576468"]
[BlackFideId "14604299"]
[EventDate "2023.07.10"]

1. Nf3 d5 2. g3 g6 3. Bg2 Bg7 4. d4 Nf6 5. O-O O-O 6. c4 c6 7. Qb3 Qb6 8. Nc3
Rd8 9. Bd2 dxc4 10. Qxc4 Be6 11. Qd3 Na6 12. b3 Nb4 13. Qb1 Bg4 14. e3 Bxf3 15.
Bxf3 e5 16. a3 Na6 17. dxe5 Nd7 18. Be2 Nxe5 19. Na4 Qc7 20. Bc3 b5 21. Nb2 c5
22. f4 Nc6 23. Bxg7 Kxg7 24. Bxb5 Qb7 25. Bxc6 Qxc6 26. Nc4 Nc7 27. f5 Nd5 28.
e4 Nb6 29. Ne5 Qf6 30. Nf3 Nd7 31. Ra2 Ne5 32. Raf2 Re8 33. fxg6 Nxf3+ 34. Rxf3
Qd4+ 35. R1f2 fxg6 36. Rd3 Qxe4 37. Rd7+ Kh6 38. Qxe4 Rxe4 39. Rff7 Rb8 40.
Rxh7+ Kg5 41. Rd5+ Kf6 42. Rd3 a5 43. Rf3+ Ke5 44. Re7+ Kd5 45. Rd7+ Ke5 46. a4
g5 47. Rfd3 Rd4 48. Re3+ Kf6 49. Rc7 c4 50. Rf3+ Kg6 51. Rc6+ Kg7 52. Rxc4 Rxb3
53. Rc7+ 1-0

[Event "TCh-TUR Super League 2023"]
[Site "Ankara TUR"]
[Date "2023.07.18"]
[Round "9.4"]
[Board "3"]
[White "Celik, Hasan Huseyin"]
[Black "Aydincelebi, Kagan"]
[Result "1-0"]
[WhiteTitle "FM"]
[BlackTitle "FM"]
[WhiteElo "2405"]
[BlackElo "2280"]
[WhiteTeam "BURHANIYE"]
[BlackTeam "KARAMAN FUTBOL KULUBU"]
[WhiteFideId "44506759"]
[BlackFideId "6361102"]
[EventDate "2023.07.10"]

1. c4 c5 2. g3 Nc6 3. Bg2 g6 4. Nc3 Bg7 5. a3 Nf6 6. Rb1 a5 7. Nf3 O-O 8. O-O d6
9. d3 Bd7 10. Bd2 Qc8 11. Ne1 Bh3 12. Qa4 Nd4 13. e3 Bxg2 14. Kxg2 Qc6+ 15. Qxc6
Nxc6 16. b3 Rfd8 17. Kf3 d5 18. Na4 Ne5+ 19. Ke2 Ned7 20. f4 d4 21. e4 Ne8 22.
Nf3 Nc7 23. Nb2 f5 24. exf5 gxf5 25. Ra1 Ra6 26. Rfb1 Re8 27. Kf1 e5 28. fxe5
Nxe5 29. Nxe5 Rxe5 30. Bf4 Re7 31. Re1 Rxe1+ 32. Rxe1 Ne6 33. Na4 Kf7 34. Bd2
Bf6 35. Kg2 h5 36. h4 Kg6 37. Bxa5 f4 38. Bb6 Ng7 39. gxf4 Nf5 40. Bxc5 Nxh4+
41. Kg3 Ra8 42. Nb6 Rg8 43. Nd5 Kf5+ 44. Kf2 Rg2+ 45. Kf1 Rd2 46. Nxf6 Nf3 47.
Re2 Rxd3 48. Nxh5 Nd2+ 49. Kg2 Nxb3 50. Re5+ Kg4 51. Rg5+ Kh4 52. Bb4 1-0

[Event "TCh-TUR Super League 2023"]
[Site "Ankara TUR"]
[Date "2023.07.18"]
[Round "9.4"]
[Board "4"]
[White "Makaraci, Tunahan"]
[Black "Bicer, Atakan Mert"]
[Result "1-0"]
[BlackTitle "FM"]
[WhiteElo "2296"]
[BlackElo "2311"]
[WhiteTeam "KARAMAN FUTBOL KULUBU"]
[BlackTeam "BURHANIYE"]
[WhiteFideId "6356559"]
[BlackFideId "34560645"]
[EventDate "2023.07.10"]

1. e4 c5 2. Nf3 e6 3. c3 d5 4. exd5 Qxd5 5. d4 Nc6 6. Na3 Nf6 7. Be3 cxd4 8. Nb5
Qd8 9. Nbxd4 Nxd4 10. Bxd4 Be7 11. Bd3 O-O 12. Qe2 Nd5 13. g3 Bf6 14. O-O Bxd4
15. Nxd4 Qc7 16. Rfe1 Bd7 17. Rad1 Rfe8 18. f4 Qb6 19. Qf2 Rad8 20. Nf3 Bc6 21.
Ne5 f6 22. Nxc6 bxc6 23. Bc4 Qxf2+ 24. Kxf2 Kf7 25. Kf3 a5 26. Rd2 Rb8 27. Bb3
Red8 28. Re4 Ra8 29. Rde2 Rd6 30. c4 Nc7 31. c5 Rd3+ 32. Kf2 Rxb3 33. axb3 Rb8
34. Ra4 Rxb3 35. Rxa5 Rb7 36. Rd2 Nd5 37. Ra6 Rc7 38. Kf3 h5 39. Rd4 Rb7 40. b4
Rc7 41. Ke4 g6 42. Kd3 h4 43. gxh4 Ke7 44. Kc4 Ne3+ 45. Kb3 Nd5 46. Ra8 Kf7 47.
Rd8 f5 48. Rh8 Kg7 49. Rd8 Kf6 50. Rd6 Ke7 51. b5 Rb7 52. b6 Rxb6+ 53. cxb6 Kxd6
54. Kc4 c5 55. b7 Kc7 56. Rxd5 exd5+ 57. Kxc5 1-0

[Event "TCh-TUR Super League 2023"]
[Site "Ankara TUR"]
[Date "2023.07.18"]
[Round "9.4"]
[Board "5"]
[White "Yakubbaeva, Nilufar"]
[Black "Abdulla, Khayala"]
[Result "1-0"]
[WhiteTitle "WGM"]
[BlackTitle "WGM"]
[WhiteElo "2311"]
[BlackElo "2229"]
[WhiteTeam "BURHANIYE"]
[BlackTeam "KARAMAN FUTBOL KULUBU"]
[WhiteFideId "14204487"]
[BlackFideId "13401807"]
[EventDate "2023.07.10"]

1. d4 Nf6 2. c4 e6 3. Nc3 Bb4 4. e3 d5 5. a3 Bd6 6. Bd3 O-O 7. Nge2 b6 8. cxd5
exd5 9. Ng3 Re8 10. O-O Ng4 11. h3 Bxg3 12. fxg3 Nf6 13. g4 h6 14. b4 c6 15. Qf3
Be6 16. Bd2 Nbd7 17. Be1 a5 18. bxa5 Rxa5 19. a4 Qa8 20. Rb1 Rc8 21. Bh4 Nh7 22.
e4 dxe4 23. Bxe4 Ng5 24. Bxg5 Rxg5 25. Rfc1 h5 26. gxh5 f5 27. Bd3 c5 28. d5 Ne5
29. Qe3 f4 30. Qxf4 Rxh5 31. dxe6 Nxd3 1-0

[Event "TCh-TUR Super League 2023"]
[Site "Ankara TUR"]
[Date "2023.07.18"]
[Round "9.4"]
[Board "6"]
[White "Ipek, Egehan"]
[Black "Altun, Arda"]
[Result "1-0"]
[WhiteTitle "FM"]
[BlackTitle "FM"]
[WhiteElo "2258"]
[BlackElo "2218"]
[WhiteTeam "KARAMAN FUTBOL KULUBU"]
[BlackTeam "BURHANIYE"]
[WhiteFideId "44523793"]
[BlackFideId "34511580"]
[EventDate "2023.07.10"]

1. Nf3 d5 2. e3 Nf6 3. c4 c6 4. Nc3 Bg4 5. Qb3 Qb6 6. Ne5 Be6 7. d4 Nbd7 8. Nxd7
Bxd7 9. Na4 Qc7 10. Nc5 e6 11. Qxb7 Qxb7 12. Nxb7 Bb4+ 13. Ke2 dxc4 14. a3 Be7
15. Ke1 Rb8 16. Na5 c5 17. dxc5 Bxc5 18. Nxc4 O-O 19. b4 Be7 20. Bb2 Rfd8 21.
Bd4 Bc6 22. Bxa7 Ra8 23. Na5 Bd5 24. Bd4 Rac8 25. f3 Rc2 26. Rg1 Nd7 27. Bd3
Rdc8 28. Bxc2 Rxc2 29. Kd1 1-0

[Event "TCh-TUR Super League 2023"]
[Site "Ankara TUR"]
[Date "2023.07.18"]
[Round "9.5"]
[Board "1"]
[White "Volokitin, Andrei"]
[Black "Mamedov, Rauf"]
[Result "1/2-1/2"]
[WhiteTitle "GM"]
[BlackTitle "GM"]
[WhiteElo "2674"]
[BlackElo "2636"]
[WhiteTeam "DENIZ SU SATRANC GENCLIK VE"]
[BlackTeam "APAYDIN SATRANC VE"]
[WhiteFideId "14107090"]
[BlackFideId "13401653"]
[EventDate "2023.07.10"]

1. e4 e5 2. Nf3 Nf6 3. Nxe5 d6 4. Nf3 Nxe4 5. d4 d5 6. Bd3 Bd6 7. O-O O-O 8. c4
c6 9. Re1 Bf5 10. Qb3 Qd7 11. c5 Bc7 12. Nbd2 Be6 13. Nf1 h6 14. Bd2 Re8 15. Ng3
Nxd2 16. Nxd2 Ba5 17. Re2 Bxd2 18. Rxd2 Qc7 19. Re1 Nd7 20. Rde2 Nf6 21. Qc3 Bd7
22. Re5 Ng4 23. Rxe8+ Rxe8 24. Rxe8+ Bxe8 25. Qe1 Bd7 26. Qe7 Qc8 27. b4 Nf6 28.
Kf1 Be6 29. a4 a6 30. h3 Kh8 31. Qd6 Kg8 32. Qe7 Kh8 33. Qd6 Kg8 34. Ke1 Ne8 35.
Qe7 Nf6 36. Qd6 Ne8 37. Qe5 Qd8 38. Kd2 Kf8 39. Kc3 Qh4 40. Qb8 Qf6 41. f3 Qh4
42. b5 axb5 43. axb5 g6 44. b6 h5 45. Qe5 Bd7 46. Ne2 Qe1+ 47. Kc2 h4 48. Nf4
Qf2+ 49. Kc3 Bc8 50. Qh8+ Ke7 51. Qe5+ Kf8 52. Qe2 Qg1 53. Qf1 Qe3 54. Ne2 1/2-1/2

[Event "TCh-TUR Super League 2023"]
[Site "Ankara TUR"]
[Date "2023.07.18"]
[Round "9.5"]
[Board "2"]
[White "Safarli, Eltaj"]
[Black "Indjic, Aleksandar"]
[Result "1/2-1/2"]
[WhiteTitle "GM"]
[BlackTitle "GM"]
[WhiteElo "2607"]
[BlackElo "2619"]
[WhiteTeam "APAYDIN SATRANC VE"]
[BlackTeam "DENIZ SU SATRANC GENCLIK VE"]
[WhiteFideId "13402129"]
[BlackFideId "911925"]
[EventDate "2023.07.10"]

1. e4 e5 2. Nf3 Nc6 3. Bb5 Bc5 4. O-O d6 5. c3 a6 6. Ba4 Bd7 7. d4 Ba7 8. Re1
Nge7 9. dxe5 Nxe5 10. Nxe5 dxe5 11. Be3 Bxe3 12. Rxe3 Bxa4 13. Qxa4+ Qd7 14.
Qxd7+ Kxd7 15. Na3 Ke6 16. Rd1 Rad8 17. Red3 Rxd3 18. Rxd3 Nc8 19. Nc4 b5 20.
Na5 Nd6 21. Nc6 Ra8 22. b4 Nxe4 23. Nd8+ Kf6 24. Rf3+ Ke7 25. Nxf7 Nd2 26. Rd3
Nc4 27. Ng5 a5 28. bxa5 h6 29. Ne4 Rxa5 30. Nc5 Nd6 31. Re3 e4 32. f3 Rxa2 33.
fxe4 Nc4 34. Rg3 g5 35. h4 gxh4 36. Rg7+ Kd6 37. Nd3 Rc2 38. Rg6+ Ke7 39. Nb4
Rxc3 40. Nd5+ Kf7 41. Rf6+ Kg7 42. Rc6 Rg3 43. Rxc7+ Kf8 44. Rb7 Rb3 45. Nf6 Ne5
46. Nd7+ Nxd7 47. Rxd7 Ke8 48. Rd6 h3 49. gxh3 Rxh3 50. Kg2 Rh5 51. Kf3 Ke7 52.
e5 Rxe5 53. Rxh6 Kd7 54. Kf4 Re1 55. Rb6 Rb1 56. Ke3 Kc7 57. Rh6 Rd1 58. Rg6 Rd5
59. Rh6 Kb7 60. Rg6 Ka7 61. Rh6 Rd7 62. Rg6 Rd5 63. Rh6 b4 64. Rh4 Rb5 65. Kd2
b3 66. Kc1 b2+ 67. Kb1 Ka6 68. Rh2 Kb6 69. Rxb2 Rxb2+ 70. Kxb2 1/2-1/2

[Event "TCh-TUR Super League 2023"]
[Site "Ankara TUR"]
[Date "2023.07.18"]
[Round "9.5"]
[Board "4"]
[White "Agdelen, Huseyin Can"]
[Black "Yurtseven, Melih"]
[Result "1/2-1/2"]
[WhiteTitle "FM"]
[BlackTitle "IM"]
[WhiteElo "2404"]
[BlackElo "2329"]
[WhiteTeam "APAYDIN SATRANC VE"]
[BlackTeam "DENIZ SU SATRANC GENCLIK VE"]
[WhiteFideId "6352260"]
[BlackFideId "6312160"]
[EventDate "2023.07.10"]

1. Nf3 Nf6 2. g3 g6 3. Bg2 Bg7 4. O-O O-O 5. d4 d6 6. b3 e5 7. dxe5 Ng4 8. Bb2
Nd7 9. c4 Ngxe5 10. Nxe5 Nxe5 11. Nc3 a5 12. Rc1 Nd7 13. Qd2 Nc5 14. Rfd1 Re8
15. Ba3 Bg4 16. h3 Bf5 17. g4 Ne4 18. Nxe4 Bxe4 19. e3 Qh4 20. f3 Bc6 21. Qf2
Qe7 22. e4 b6 23. Bb2 g5 24. Bxg7 Kxg7 25. Qd4+ f6 26. h4 gxh4 27. Qf2 h5 28.
Qxh4 Rh8 29. gxh5 Rag8 30. Bh3 Be8 31. Bg4 Bxh5 32. Bxh5 Kf8+ 33. Kf1 Rg5 34.
Rd5 Rxd5 35. exd5 Qe5 36. Re1 Rxh5 37. Rxe5 Rxh4 38. Re2 a4 39. Kg2 Rd4 40. Rc2
axb3 41. axb3 Rd3 42. b4 Kf7 43. Kg3 Kg6 44. Kf4 f5 45. b5 Kf6 46. Rc1 Rd4+ 47.
Ke3 Ke5 48. Rc2 Rf4 49. Rc3 Rh4 50. Rc1 Kf6 51. Rc2 Ke5 52. Rc1 Rh2 53. Re1 Ra2
54. f4+ Kf6 55. Kd4 Rf2 56. Re6+ Kf7 57. Ke3 Rf1 58. Rh6 Kg7 59. Re6 Kf7 60. Rh6
Re1+ 61. Kd2 Re4 62. Rh7+ Kf6 63. Rxc7 Rxf4 64. Rc6 Ke5 65. Kc3 Rf3+ 66. Kb4 Rf1
67. Rxb6 f4 68. Kc3 Rc1+ 69. Kd3 f3 70. Ke3 Rc3+ 71. Kf2 Rxc4 72. Kxf3 Kxd5 73.
Ke3 Rb4 74. Kd3 Kc5 75. Rc6+ Kd5 76. Rb6 Kc5 77. Rc6+ Kd5 1/2-1/2